Central Library OPAC University of Rajshahi

مغني اللبيب عن كتب الأعاريب ;; Mughnī al-labīb ʻan kutub al-aʻārīb,/ (Record no. 78314)

MARC details
000 -LEADER
fixed length control field 01180nam a2200277 4500
001 - CONTROL NUMBER
control field 78314
003 - CONTROL NUMBER IDENTIFIER
rucl marc code BD-RjUL
005 - DATE AND TIME OF LATEST TRANSACTION
control field 20211209083121.0
008 - FIXED-LENGTH DATA ELEMENTS--GENERAL INFORMATION
fixed length control field 210908s2005 qa ||||| |||| 001 0 ara d
020 ## - INTERNATIONAL STANDARD BOOK NUMBER
International Standard Book Number 977277864
035 ## - SYSTEM CONTROL NUMBER
System control number (BD-RjUL)78540
040 ## - CATALOGING SOURCE
Original cataloging agency BD-RjUL
Language of cataloging eng
Transcribing agency BD-RjUL
041 ## - LANGUAGE CODE
Language code of text/sound track or separate title ara
082 ## - DEWEY DECIMAL CLASSIFICATION NUMBER
Edition number 23
Classification number 492.75
Author mark and year IBM 20056
100 ## - MAIN ENTRY--PERSONAL NAME
Personal name ابن هشام، عبد الله بن يوسف بن أحمد ;; Ibn Hisham, Abdullah bin Yusuf bin Ahmed, ،
Dates associated with a name 1309-1360
9 (RLIN) 247515
245 10 - TITLE STATEMENT
Title مغني اللبيب عن كتب الأعاريب ;; Mughnī al-labīb ʻan kutub al-aʻārīb,/
Statement of responsibility, etc. جمال الدين عبد الله بن يوسف بن أحمد ابن هشام الأنصاري;; Jamal Al-Din Abdullah bin Yusuf bin Ahmed bin Hisham Al-Ansari
264 ## - PRODUCTION, PUBLICATION, DISTRIBUTION, MANUFACTURE, AND COPYRIGHT NOTICE
Place of production, publication, distribution, manufacture أل قاهرة :
Name of producer, publisher, distributor, manufacturer دار الطلائع ,
Date of production, publication, distribution, manufacture, or copyright notice 2005
300 ## - PHYSICAL DESCRIPTION
Pagination v. ;
Size 23 cm.
505 ## - FORMATTED CONTENTS NOTE
Formatted contents note Vol. 1.--
650 ## - SUBJECT ADDED ENTRY--TOPICAL TERM
Topical term or geographic name as entry element اللغة العربية النحو.
9 (RLIN) 246642
Topical term or geographic name as entry element Arabic language
Form subdivision Grammar
9 (RLIN) 247516
Topical term or geographic name as entry element Arabic language
Form subdivision Syntax
9 (RLIN) 247517
Topical term or geographic name as entry element Arabic language
Form subdivision Inflection
9 (RLIN) 247518
700 ## - ADDED ENTRY--PERSONAL NAME
Personal name Abd al-Ḥamīd, Muḥammad Muḥyī al-Dīn
942 ## - ADDED ENTRY ELEMENTS (KOHA)
Source of classification or shelving scheme Dewey Decimal Classification
Koha item type Books
Holdings
Lost status Source of classification or shelving scheme Damaged status Not for loan Collection code Permanent Location Current Location Shelving location Date acquired Source of acquisition Cost, normal purchase price Total Checkouts Full call number Date last seen Copy number Koha item type
  Dewey Decimal Classification   Not For Loan Non-fiction Central Library, University of Rajshahi Central Library, University of Rajshahi Reading Room 10/07/2008 Maktub al Arabiah, Dhaka 1000.00   A 492.75 IBM V-1 20056 08/09/2021 C-1 Books